000
00243nam a22000977a 4500
100
_a
Roy,Dr. M.N.
_9
80065
245
_a
Textbook of Rural Sociology
260
_a
New Delhi
_b
Omega Publication
_c
2017
650
_a
Social Science
_9
80066
942
_c
BK
999
_c
63558
_d
63558